[Event "DVM U12 2020"]
[Site "Magdeburg GER"]
[Date "2021.08.06"]
[Round "4"]
[White "Dammasch, Marlon"]
[Black "Neumeier, Valentina"]
[Result "1/2-1/2"]
[Termination "normal"]
[Board "7.3"]
[WhiteElo "860"]
[BlackElo "1189"]
[WhiteClock "01:24:19"]
[BlackClock "00:14:00"]
[WhiteTeam "SV Vimbuch"]
[BlackTeam "SK Kelheim 1920"]
[PlyCount "85"]
[WhiteFideId "34608346"]
[BlackFideId "34608222"]
[EventCountry "GER"]
[EventRounds "7"]
[EventType "team-swiss"]
[EventDate "2021.08.04"]

1. e4 {[%clk 01:30:58]} e5 {[%clk 01:30:56]} {[%emt 00:00:36]} 2. Nf3 {[%clk
01:31:22]} Nc6 {[%clk 01:31:21]} 3. Bc4 {[%clk 01:31:41]} Nf6 {[%clk 01:31:07]}
{[%emt 00:02:38]} 4. Nc3 {[%clk 01:31:51]} Nxe4 {[%clk 01:31:28]} 5. Nxe4
{[%clk 01:32:03]} d5 {[%clk 01:31:51]} 6. Bxd5 {[%clk 01:32:12]} Qxd5 {[%clk
01:32:13]} 7. Nc3 {[%clk 01:32:26]} {[%emt 00:00:05]} Qd8 {[%clk 01:32:14]} 8.
d3 {[%clk 01:32:41]} {[%emt 00:00:13]} Bg4 {[%clk 01:31:10]} {[%emt 00:01:38]}
9. Be3 {[%clk 01:32:16]} {[%emt 00:00:51]} Bb4 {[%clk 01:30:16]} {[%emt
00:01:25]} 10. h3 {[%clk 01:32:03]} {[%emt 00:00:48]} Bh5 {[%clk 01:30:03]}
{[%emt 00:00:33]} 11. g4 {[%clk 01:32:16]} {[%emt 00:00:21]} Bg6 {[%clk
01:30:19]} {[%emt 00:00:13]} 12. Qd2 {[%clk 01:32:17]} {[%emt 00:00:24]} O-O
{[%clk 01:26:50]} {[%emt 00:06:03]} 13. h4 {[%clk 01:32:06]} Nd4 {[%clk
01:20:47]} {[%emt 00:05:18]} 14. Nxe5 {[%clk 01:30:45]} {[%emt 00:02:14]} Re8
{[%clk 01:11:49]} {[%emt 00:09:02]} 15. O-O-O {[%clk 01:29:48]} {[%emt
00:04:01]} Rxe5 {[%clk 01:10:02]} 16. h5 {[%clk 01:29:55]} {[%emt 00:00:10]}
Bxh5 {[%clk 01:07:12]} {[%emt 00:03:22]} 17. Rxh5 {[%clk 01:29:58]} {[%emt
00:02:22]} Rxh5 {[%clk 00:54:37]} {[%emt 00:12:40]} 18. gxh5 {[%clk 01:29:41]}
Bxc3 {[%clk 00:52:03]} {[%emt 00:02:14]} 19. bxc3 {[%clk 01:29:37]} {[%emt
00:00:36]} Nf5 {[%clk 00:50:45]} {[%emt 00:01:49]} 20. Rg1 {[%clk 01:29:31]}
{[%emt 00:00:31]} Kh8 {[%clk 00:36:31]} {[%emt 00:22:17]} 21. h6 {[%clk
01:28:53]} g6 {[%clk 00:28:55]} {[%emt 00:04:10]} 22. c4 {[%clk 01:26:37]}
{[%emt 00:03:24]} Qf6 {[%clk 00:27:24]} 23. Kb1 {[%clk 01:24:42]} {[%emt
00:01:18]} Nxe3 {[%clk 00:20:17]} {[%emt 00:07:40]} 24. Qxe3 {[%clk 01:24:03]}
{[%emt 00:01:15]} Qb6+ {[%clk 00:20:26]} {[%emt 00:00:19]} 25. Qxb6 {[%clk
01:23:56]} {[%emt 00:00:32]} axb6 {[%clk 00:20:41]} {[%emt 00:00:18]} 26. Re1
{[%clk 01:24:12]} {[%emt 00:00:11]} Kg8 {[%clk 00:20:07]} {[%emt 00:01:08]} 27.
Re7 {[%clk 01:24:05]} {[%emt 00:00:34]} Rc8 {[%clk 00:20:21]} {[%emt 00:00:14]}
28. Kb2 {[%clk 01:24:11]} {[%emt 00:00:25]} Kf8 {[%clk 00:20:41]} {[%emt
00:13:44]} 29. Re4 {[%clk 01:24:29]} f5 {[%clk 00:19:30]} 30. Re5 {[%clk
01:24:41]} Kf7 {[%clk 00:18:43]} 31. f4 {[%clk 01:24:37]} Kf6 {[%clk 00:16:47]}
{[%emt 00:00:05]} 32. Rd5 {[%clk 01:24:42]} Ke6 {[%clk 00:16:46]} 33. a4 {[%clk
01:24:41]} c6 {[%clk 00:16:43]} 34. Re5+ {[%clk 01:24:29]} Kf6 {[%clk
00:16:50]} {[%emt 00:00:09]} 35. Re2 {[%clk 01:24:37]} g5 {[%clk 00:16:18]} 36.
fxg5+ {[%clk 01:24:48]} Kxg5 {[%clk 00:16:28]} 37. Re7 {[%clk 01:23:27]} Kxh6
{[%clk 00:16:13]} {[%emt 00:00:22]} 38. Rxb7 {[%clk 01:23:39]} {[%emt
00:04:41]} f4 {[%clk 00:14:40]} 39. Kc1 {[%clk 01:23:28]} Kg5 {[%clk 00:14:25]}
40. Rg7+ {[%clk 01:23:38]} Kh6 {[%clk 00:14:11]} {[%emt 00:00:06]} 41. Rf7
{[%clk 01:23:53]} {[%emt 00:02:08]} Kg5 {[%clk 00:14:16]} 42. Kd2 {[%clk
01:24:10]} Re8 {[%clk 00:14:00]} 43. Rg7+ {[%clk 01:24:19]} 1/2-1/2

[Event "DVM U12 2020"]
[Site "Magdeburg GER"]
[Date "2021.08.06"]
[Round "4"]
[White "Sitnik, Arthur"]
[Black "Puchas, Tobias"]
[Result "0-1"]
[Termination "normal"]
[Board "7.4"]
[WhiteElo "1051"]
[BlackElo "1011"]
[WhiteClock "01:23:36"]
[BlackClock "01:24:13"]
[WhiteTeam "SK Kelheim 1920"]
[BlackTeam "SV Vimbuch"]
[PlyCount "42"]
[WhiteFideId "34608150"]
[BlackFideId "16280440"]
[EventCountry "GER"]
[EventRounds "7"]
[EventType "team-swiss"]
[EventDate "2021.08.04"]

1. e4 {[%clk 01:30:59]} {[%emt 00:00:16]} e5 {[%clk 01:30:49]} {[%emt
00:00:18]} 2. Nf3 {[%clk 01:31:23]} Nc6 {[%clk 01:31:07]} {[%emt 00:00:13]} 3.
Bc4 {[%clk 01:31:38]} Bc5 {[%clk 01:31:19]} {[%emt 00:00:19]} 4. Nc3 {[%clk
01:31:50]} {[%emt 00:00:17]} Nf6 {[%clk 01:31:26]} {[%emt 00:00:12]} 5. d3
{[%clk 01:32:17]} {[%emt 00:00:13]} d6 {[%clk 01:31:37]} {[%emt 00:00:37]} 6.
h3 {[%clk 01:32:29]} {[%emt 00:00:04]} Be6 {[%clk 01:31:55]} {[%emt 00:00:22]}
7. Bb3 {[%clk 01:32:53]} Qd7 {[%clk 01:31:48]} {[%emt 00:00:23]} 8. Bg5 {[%clk
01:32:38]} {[%emt 00:00:48]} Nd4 {[%clk 01:31:40]} {[%emt 00:00:46]} 9. Bxf6
{[%clk 01:32:20]} {[%emt 00:00:39]} gxf6 {[%clk 01:31:37]} {[%emt 00:00:32]}
10. Nxd4 {[%clk 01:31:54]} {[%emt 00:01:13]} Bxd4 {[%clk 01:31:28]} {[%emt
00:00:19]} 11. Rb1 {[%clk 01:29:10]} {[%emt 00:03:22]} O-O-O {[%clk 01:31:14]}
{[%emt 00:00:38]} 12. Ba4 {[%clk 01:28:12]} {[%emt 00:01:32]} Bxc3+ {[%clk
01:29:56]} {[%emt 00:01:12]} 13. bxc3 {[%clk 01:28:04]} {[%emt 00:01:13]} Qxa4
{[%clk 01:30:05]} {[%emt 00:00:27]} 14. Ra1 {[%clk 01:27:15]} {[%emt 00:01:15]}
Rdg8 {[%clk 01:29:53]} {[%emt 00:00:27]} 15. g3 {[%clk 01:27:06]} {[%emt
00:00:53]} Kb8 {[%clk 01:29:31]} {[%emt 00:01:15]} 16. h4 {[%clk 01:26:16]}
{[%emt 00:01:01]} Bg4 {[%clk 01:28:54]} {[%emt 00:00:59]} 17. f3 {[%clk
01:25:26]} {[%emt 00:01:27]} Be6 {[%clk 01:28:52]} {[%emt 00:00:25]} 18. g4
{[%clk 01:25:23]} {[%emt 00:00:39]} d5 {[%clk 01:27:41]} {[%emt 00:00:53]} 19.
exd5 {[%clk 01:25:39]} {[%emt 00:01:36]} Bxd5 {[%clk 01:27:33]} {[%emt
00:00:03]} 20. O-O {[%clk 01:24:16]} {[%emt 00:01:51]} f5 {[%clk 01:27:32]}
{[%emt 00:00:48]} 21. g5 {[%clk 01:23:36]} {[%emt 00:00:56]} Qxh4 {[%clk
01:24:13]} {[%emt 00:00:43]} 0-1

[Event "DVM U12 2020"]
[Site "Magdeburg GER"]
[Date "2021.08.06"]
[Round "4"]
[White "Herrmann, Jakob"]
[Black "Dubinker, Philipp"]
[Result "1/2-1/2"]
[Termination "normal"]
[Board "8.1"]
[WhiteElo "1531"]
[BlackElo "1382"]
[WhiteClock "00:47:41"]
[BlackClock "00:54:06"]
[WhiteTeam "SAV Torgelow-Drögeheide 90"]
[BlackTeam "SK Marburg 1931/72"]
[PlyCount "76"]
[WhiteFideId "16287169"]
[BlackFideId "34608320"]
[EventCountry "GER"]
[EventRounds "7"]
[EventType "team-swiss"]
[EventDate "2021.08.04"]

1. e4 {[%clk 01:30:57]} c6 {[%clk 01:30:51]} 2. d4 {[%clk 01:31:21]} d5 {[%clk
01:31:12]} 3. Nc3 {[%clk 01:31:34]} dxe4 {[%clk 01:31:28]} {[%emt 00:00:12]} 4.
Nxe4 {[%clk 01:32:01]} Nd7 {[%clk 01:31:20]} {[%emt 00:25:03]} 5. Nf3 {[%clk
01:32:07]} Ngf6 {[%clk 01:31:39]} 6. Nxf6+ {[%clk 01:32:33]} Nxf6 {[%clk
01:31:59]} 7. Ne5 {[%clk 01:32:32]} Bf5 {[%clk 01:30:23]} 8. c3 {[%clk
01:32:36]} e6 {[%clk 01:30:18]} 9. g4 {[%clk 01:32:29]} Bg6 {[%clk 01:28:01]}
10. h4 {[%clk 01:32:51]} h6 {[%clk 01:26:52]} 11. Nxg6 {[%clk 01:32:40]} fxg6
{[%clk 01:27:10]} 12. Bd3 {[%clk 01:33:00]} Qd5 {[%clk 01:25:37]} 13. Bxg6+
{[%clk 01:33:11]} Kd7 {[%clk 01:25:23]} 14. Rg1 {[%clk 01:26:07]} Rd8 {[%clk
01:23:08]} 15. Qb3 {[%clk 01:26:14]} {[%emt 00:00:21]} Kc8 {[%clk 01:20:30]}
{[%emt 00:03:10]} 16. Bf4 {[%clk 01:20:54]} {[%emt 00:12:01]} Bd6 {[%clk
01:18:12]} 17. Bxd6 {[%clk 01:20:45]} Rxd6 {[%clk 01:18:00]} 18. O-O-O {[%clk
01:20:50]} Qf3 {[%clk 01:16:04]} {[%emt 00:06:21]} 19. g5 {[%clk 01:14:46]}
{[%emt 00:01:00]} hxg5 {[%clk 01:14:23]} {[%emt 00:02:04]} 20. hxg5 {[%clk
01:15:14]} Nd5 {[%clk 01:13:44]} {[%emt 00:00:54]} 21. c4 {[%clk 01:14:47]}
{[%emt 00:01:09]} Qxb3 {[%clk 01:13:03]} {[%emt 00:07:15]} 22. axb3 {[%clk
01:14:58]} Nf4 {[%clk 01:12:53]} 23. Bd3 {[%clk 01:14:08]} Rxd4 {[%clk
01:12:55]} 24. Kc2 {[%clk 01:12:58]} Rhd8 {[%clk 01:11:47]} 25. Rg3 {[%clk
01:03:46]} {[%emt 00:09:27]} c5 {[%clk 01:05:59]} {[%emt 00:08:02]} 26. Re3
{[%clk 01:02:37]} Nxd3 {[%clk 01:06:09]} {[%emt 00:00:48]} 27. Rexd3 {[%clk
01:02:57]} Rxd3 {[%clk 01:06:31]} 28. Rxd3 {[%clk 01:03:27]} Rxd3 {[%clk
01:06:53]} 29. Kxd3 {[%clk 01:03:53]} Kd7 {[%clk 01:06:07]} {[%emt 00:01:12]}
30. Ke4 {[%clk 00:52:54]} {[%emt 00:35:03]} Kd6 {[%clk 00:59:01]} 31. f4 {[%clk
00:47:54]} g6 {[%clk 00:58:06]} 32. Ke3 {[%clk 00:48:18]} e5 {[%clk 00:56:21]}
33. Ke4 {[%clk 00:48:34]} exf4 {[%clk 00:56:25]} 34. Kxf4 {[%clk 00:49:03]} a6
{[%clk 00:55:54]} 35. Ke4 {[%clk 00:49:29]} b5 {[%clk 00:55:30]} 36. Kf4 {[%clk
00:49:52]} Ke6 {[%clk 00:55:03]} 37. Ke4 {[%clk 00:50:13]} Kd6 {[%clk
00:53:43]} 38. Kf4 {[%clk 00:47:41]} {[%emt 00:06:28]} Ke6 {[%clk 00:54:06]}
1/2-1/2

[Event "DVM U12 2020"]
[Site "Magdeburg GER"]
[Date "2021.08.06"]
[Round "4"]
[White "Jung, Felix"]
[Black "Drechsler, Andor"]
[Result "1-0"]
[Termination "normal"]
[Board "8.2"]
[WhiteElo "1147"]
[BlackElo "1256"]
[WhiteClock "01:31:12"]
[BlackClock "01:06:30"]
[WhiteTeam "SK Marburg 1931/72"]
[BlackTeam "SAV Torgelow-Drögeheide 90"]
[PlyCount "59"]
[WhiteFideId "34608290"]
[BlackFideId "16266900"]
[EventCountry "GER"]
[EventRounds "7"]
[EventType "team-swiss"]
[EventDate "2021.08.04"]

1. e4 {[%clk 01:30:45]} c6 {[%clk 01:30:54]} 2. d4 {[%clk 01:30:52]} d5 {[%clk
01:31:18]} 3. e5 {[%clk 01:31:15]} Bf5 {[%clk 01:31:38]} 4. Bd3 {[%clk
01:31:19]} Bxd3 {[%clk 01:31:45]} 5. Qxd3 {[%clk 01:31:36]} e6 {[%clk
01:32:07]} 6. Nf3 {[%clk 01:31:43]} c5 {[%clk 01:32:17]} 7. c4 {[%clk
01:31:50]} dxc4 {[%clk 01:30:05]} 8. Qxc4 {[%clk 01:32:08]} {[%emt 00:01:19]}
cxd4 {[%clk 01:30:00]} 9. Qxd4 {[%clk 01:31:47]} Qc7 {[%clk 01:28:36]} {[%emt
00:01:51]} 10. Nc3 {[%clk 01:31:50]} {[%emt 00:01:19]} Nc6 {[%clk 01:28:15]}
11. Qf4 {[%clk 01:31:59]} {[%emt 00:00:22]} Nge7 {[%clk 01:26:54]} {[%emt
00:02:10]} 12. Bd2 {[%clk 01:32:07]} Ng6 {[%clk 01:26:31]} {[%emt 00:00:55]}
13. Nb5 {[%clk 01:31:05]} {[%emt 00:01:54]} Qb6 {[%clk 01:18:19]} {[%emt
00:08:20]} 14. Qa4 {[%clk 01:31:15]} {[%emt 00:00:24]} O-O-O {[%clk 01:14:09]}
{[%emt 00:07:28]} 15. Be3 {[%clk 01:30:42]} Bc5 {[%clk 01:12:00]} {[%emt
00:11:26]} 16. Bxc5 {[%clk 01:29:48]} Qxc5 {[%clk 01:12:15]} 17. Nd6+ {[%clk
01:30:05]} Rxd6 {[%clk 01:07:15]} 18. exd6 {[%clk 01:30:18]} Nb4 {[%clk
01:04:58]} 19. Rc1 {[%clk 01:30:02]} {[%emt 00:00:52]} Nd3+ {[%clk 01:04:30]}
{[%emt 00:01:00]} 20. Kd2 {[%clk 01:30:16]} Nxc1 {[%clk 01:03:44]} {[%emt
00:01:43]} 21. Rxc1 {[%clk 01:30:37]} {[%emt 00:00:08]} Qxc1+ {[%clk 01:04:08]}
22. Kxc1 {[%clk 01:30:59]} Rd8 {[%clk 01:04:26]} {[%emt 00:00:04]} 23. Qxa7
{[%clk 01:30:55]} {[%emt 00:00:30]} Rxd6 {[%clk 01:04:46]} {[%emt 00:00:34]}
24. Qa8+ {[%clk 01:31:08]} {[%emt 00:00:06]} Kc7 {[%clk 01:05:08]} 25. Qa5+
{[%clk 01:31:23]} {[%emt 00:00:08]} Rb6 {[%clk 01:05:27]} {[%emt 00:00:29]} 26.
Nd4 {[%clk 01:31:40]} Ne7 {[%clk 01:05:30]} {[%emt 00:00:23]} 27. Nb5+ {[%clk
01:30:49]} {[%emt 00:01:20]} Kc6 {[%clk 01:05:50]} {[%emt 00:00:16]} 28. Na7+
{[%clk 01:30:45]} {[%emt 00:00:53]} Kc7 {[%clk 01:06:09]} {[%emt 00:00:09]} 29.
Qc5+ {[%clk 01:30:50]} {[%emt 00:00:13]} Nc6 {[%clk 01:06:30]} 30. Nb5+ {[%clk
01:31:12]} {[%emt 00:00:09]} 1-0

[Event "DVM U12 2020"]
[Site "Magdeburg GER"]
[Date "2021.08.06"]
[Round "4"]
[White "Briese, Paul"]
[Black "Alkayas, Mohammad"]
[Result "1-0"]
[Termination "normal"]
[Board "8.3"]
[WhiteElo "1113"]
[BlackElo "1170"]
[WhiteClock "00:54:07"]
[BlackClock "01:07:49"]
[WhiteTeam "SAV Torgelow-Drögeheide 90"]
[BlackTeam "SK Marburg 1931/72"]
[PlyCount "119"]
[WhiteFideId "16273826"]
[BlackFideId "34608400"]
[EventCountry "GER"]
[EventRounds "7"]
[EventType "team-swiss"]
[EventDate "2021.08.04"]

1. c4 {[%emt 00:05:56]} e5 {[%clk 01:30:35]} 2. Nc3 {[%clk 01:31:19]} Nc6
{[%clk 01:30:59]} {[%emt 00:00:09]} 3. g3 {[%clk 01:31:33]} b6 {[%clk
01:31:12]} {[%emt 00:00:05]} 4. Bg2 {[%clk 01:31:14]} Bb7 {[%clk 01:31:34]} 5.
Nf3 {[%clk 01:31:08]} Nf6 {[%clk 01:31:51]} {[%emt 00:00:04]} 6. d3 {[%clk
01:30:49]} Bb4 {[%clk 01:30:18]} 7. Nxe5 {[%clk 01:28:59]} {[%emt 00:12:44]}
O-O {[%clk 01:30:00]} 8. Nf3 {[%clk 01:28:16]} d5 {[%clk 01:30:06]} 9. cxd5
{[%clk 01:26:44]} {[%emt 00:00:05]} Nxd5 {[%clk 01:29:51]} 10. Bd2 {[%clk
01:26:31]} Nxc3 {[%clk 01:29:25]} 11. Bxc3 {[%clk 01:26:47]} {[%emt 00:00:04]}
Bxc3+ {[%clk 01:29:43]} 12. bxc3 {[%clk 01:26:57]} Re8 {[%clk 01:29:59]} 13.
O-O {[%clk 01:26:32]} {[%emt 00:00:04]} Qf6 {[%clk 01:30:05]} 14. c4 {[%clk
01:23:37]} {[%emt 00:00:42]} Nd4 {[%clk 01:30:01]} {[%emt 00:30:03]} 15. Nxd4
{[%clk 01:23:39]} Bxg2 {[%clk 01:30:18]} 16. Kxg2 {[%emt 00:00:05]} Qxd4 {[%clk
01:30:35]} 17. e3 {[%clk 01:20:20]} Qc5 {[%clk 01:30:26]} 18. Qd2 {[%clk
01:12:21]} {[%emt 00:00:04]} Rad8 {[%clk 01:30:15]} 19. Rfc1 {[%clk 01:09:24]}
Qd6 {[%clk 01:29:16]} 20. d4 {[%clk 01:09:09]} {[%emt 00:03:42]} c5 {[%clk
01:29:39]} 21. Rd1 {[%clk 01:08:15]} cxd4 {[%clk 01:29:31]} 22. exd4 {[%clk
01:06:24]} Qc6+ {[%clk 01:29:20]} 23. Kg1 {[%clk 01:05:44]} Qxc4 {[%clk
01:29:20]} 24. Qd3 {[%clk 01:03:30]} {[%emt 00:12:07]} Qxd3 {[%clk 01:29:10]}
25. Rxd3 {[%clk 01:03:53]} h6 {[%clk 01:29:28]} 26. Kf1 {[%clk 01:03:53]}
{[%emt 00:00:09]} Re4 {[%clk 01:28:45]} 27. Rad1 {[%clk 01:04:01]} a5 {[%clk
01:28:26]} 28. f3 {[%clk 01:04:15]} {[%emt 00:00:04]} Re6 {[%clk 01:28:48]} 29.
Re1 {[%clk 00:58:22]} b5 {[%emt 00:25:50]} 30. Rxe6 {[%clk 00:58:18]} fxe6
{[%clk 01:29:02]} 31. Ke2 {[%clk 00:58:38]} e5 {[%clk 01:29:08]} 32. dxe5
{[%clk 00:56:30]} {[%emt 00:00:05]} Rxd3 {[%clk 01:29:26]} 33. Kxd3 {[%emt
00:00:14]} Kf7 {[%clk 01:28:57]} 34. Kd4 Ke6 {[%clk 01:29:05]} 35. Kc5 {[%clk
00:56:46]} Kxe5 {[%clk 01:13:51]} {[%emt 00:00:04]} 36. Kxb5 {[%clk 00:56:07]}
Kd6 {[%clk 01:14:03]} 37. Kxa5 {[%clk 00:56:30]} Kc6 {[%clk 01:14:14]} {[%emt
00:00:08]} 38. f4 {[%clk 00:56:28]} Kc5 {[%clk 01:06:11]} {[%emt 00:09:22]} 39.
g4 {[%clk 00:54:01]} g6 {[%clk 01:06:17]} 40. f5 {[%clk 00:52:54]} gxf5 {[%clk
01:06:29]} {[%emt 00:00:04]} 41. gxf5 {[%clk 00:53:15]} Kd5 {[%clk 01:06:49]}
42. f6 {[%clk 00:53:29]} Ke6 {[%clk 01:07:06]} {[%emt 00:00:04]} 43. Kb6 {[%clk
00:53:44]} Kxf6 {[%clk 01:07:29]} 44. a4 {[%clk 00:54:07]} Ke7 {[%emt
00:00:08]} 45. a5 Kf6 46. a6 h5 47. a7 Kg5 48. a8=Q Kg4 49. Qg2+ Kf4 50. Qg6 h4
51. Kc6 h3 52. Qg3+ Kf5 53. Qxh3+ Ke4 54. Qh5 Kf4 55. Qe8 Kg5 56. Qf8 Kh4 57.
Qg8 Kh5 58. h3 Kh6 59. h4 Kh5 {[%clk 01:07:49]} 60. Qg5+ 1-0

[Event "DVM U12 2020"]
[Site "Magdeburg GER"]
[Date "2021.08.06"]
[Round "4"]
[White "Baumgart, Jost"]
[Black "Wandelt, Moritz"]
[Result "1/2-1/2"]
[Termination "normal"]
[Board "8.4"]
[WhiteElo "1017"]
[BlackElo "1029"]
[WhiteClock "01:15:56"]
[BlackClock "00:34:20"]
[WhiteTeam "SK Marburg 1931/72"]
[BlackTeam "SAV Torgelow-Drögeheide 90"]
[PlyCount "117"]
[WhiteFideId "34608397"]
[BlackFideId "34605070"]
[EventCountry "GER"]
[EventRounds "7"]
[EventType "team-swiss"]
[EventDate "2021.08.04"]

1. e4 c5 2. d4 {[%clk 01:30:36]} cxd4 {[%clk 01:30:23]} {[%emt 00:00:43]} 3. c3
{[%clk 01:30:58]} dxc3 {[%clk 01:29:30]} {[%emt 00:02:53]} 4. Nxc3 {[%clk
01:31:19]} e6 {[%clk 01:29:29]} 5. Nf3 {[%clk 01:31:28]} a6 6. Bf4 {[%clk
01:30:41]} {[%emt 00:02:32]} d6 {[%clk 01:28:39]} 7. h3 {[%clk 01:30:14]}
{[%emt 00:01:07]} Nf6 {[%clk 01:21:58]} {[%emt 00:07:38]} 8. e5 {[%clk
01:30:10]} dxe5 {[%clk 01:20:38]} {[%emt 00:02:01]} 9. Qxd8+ {[%clk 01:30:32]}
Kxd8 {[%clk 01:20:51]} {[%emt 00:00:19]} 10. Nxe5 {[%clk 01:30:09]} {[%emt
00:00:41]} Ke8 {[%clk 01:19:14]} {[%emt 00:02:37]} 11. O-O-O {[%clk 01:29:29]}
{[%emt 00:00:40]} Bb4 {[%clk 01:07:26]} {[%emt 00:12:18]} 12. Nc4 {[%clk
01:28:50]} {[%emt 00:12:41]} Bd7 {[%clk 00:57:38]} 13. g4 {[%clk 01:28:12]}
Bxc3 {[%clk 00:55:39]} {[%emt 00:02:27]} 14. bxc3 {[%clk 01:27:37]} {[%emt
00:09:05]} Nc6 {[%clk 00:53:35]} 15. Bg2 {[%clk 01:27:17]} b5 {[%clk 00:49:26]}
16. Nb6 {[%clk 01:27:08]} {[%emt 00:06:44]} Ra7 {[%clk 00:48:16]} 17. Bg5
{[%clk 01:24:54]} Rc7 {[%clk 00:44:13]} {[%emt 00:03:17]} 18. Bxf6 {[%clk
01:24:54]} gxf6 {[%clk 00:44:15]} {[%emt 00:00:34]} 19. Nxd7 {[%clk 01:25:08]}
{[%emt 00:00:24]} Ke7 {[%clk 00:43:42]} {[%emt 00:00:56]} 20. Bxc6 {[%clk
01:24:26]} {[%emt 00:01:40]} Rxc6 {[%clk 00:42:41]} {[%emt 00:01:00]} 21. Rd2
{[%clk 01:24:44]} {[%emt 00:00:31]} Rxc3+ {[%clk 00:42:54]} 22. Kb2 {[%clk
01:24:38]} {[%emt 00:00:34]} Rc7 {[%clk 00:42:59]} {[%emt 00:01:48]} 23. Rhd1
{[%clk 01:24:29]} Rd8 {[%clk 00:42:45]} 24. Nb6 {[%clk 01:24:46]} {[%emt
00:06:16]} Rb8 {[%clk 00:42:42]} 25. Rd7+ {[%clk 01:23:54]} Rxd7 {[%clk
00:42:52]} 26. Rxd7+ {[%clk 01:24:09]} Ke8 {[%clk 00:43:13]} 27. Rd6 {[%clk
01:24:30]} Ke7 {[%clk 00:43:15]} 28. Rc6 {[%clk 01:24:31]} Kd8 {[%clk
00:42:36]} 29. Kb3 Rb7 30. f4 {[%clk 01:23:08]} {[%emt 00:03:17]} Rc7 {[%clk
00:42:41]} 31. Rd6+ {[%clk 01:21:29]} Ke7 {[%clk 00:42:23]} {[%emt 00:00:48]}
32. a4 {[%clk 01:20:24]} {[%emt 00:05:38]} Kxd6 {[%clk 00:42:24]} 33. axb5
{[%clk 01:20:24]} Rb7 {[%clk 00:39:50]} 34. Nc4+ {[%clk 01:20:29]} {[%emt
00:01:46]} Kc5 {[%clk 00:39:57]} 35. Kc3 {[%clk 01:20:38]} Rxb5 {[%clk
00:39:49]} 36. Na3 {[%clk 01:21:00]} {[%emt 00:00:12]} Ra5 {[%clk 00:39:09]}
{[%emt 00:01:06]} 37. Nb1 {[%clk 01:20:16]} {[%emt 00:01:18]} Ra1 {[%clk
00:36:58]} {[%emt 00:02:45]} 38. Nd2 {[%clk 01:20:38]} {[%emt 00:00:08]} Ra3+
{[%clk 00:37:21]} {[%emt 00:00:09]} 39. Kb2 {[%clk 01:20:19]} {[%emt 00:00:40]}
Rxh3 {[%clk 00:37:11]} {[%emt 00:03:35]} 40. Ne4+ {[%clk 01:19:43]} Kd4 {[%clk
00:36:39]} 41. Nxf6 {[%clk 01:19:51]} Kc4 {[%clk 00:36:34]} {[%emt 00:00:10]}
42. Ne4 {[%clk 01:20:12]} {[%emt 00:01:58]} Rf3 {[%clk 00:35:15]} 43. Nd2+
{[%clk 01:20:31]} {[%emt 00:01:52]} Kb4 {[%clk 00:35:17]} 44. Nxf3 {[%clk
01:20:51]} a5 {[%clk 00:35:27]} 45. f5 {[%clk 01:21:04]} exf5 {[%clk 00:35:30]}
46. gxf5 {[%clk 01:21:31]} {[%emt 00:00:33]} f6 {[%clk 00:35:13]} {[%emt
00:00:52]} 47. Kc2 {[%clk 01:19:19]} {[%emt 00:02:10]} h5 {[%clk 00:34:43]}
{[%emt 00:03:29]} 48. Nh4 {[%clk 01:17:20]} a4 {[%clk 00:35:00]} {[%emt
00:01:46]} 49. Kb2 {[%clk 01:17:18]} a3+ {[%clk 00:35:19]} 50. Ka2 {[%clk
01:17:23]} Ka4 {[%clk 00:35:39]} 51. Kb1 {[%clk 01:16:53]} {[%emt 00:00:41]}
Kb3 {[%clk 00:35:49]} {[%emt 00:00:20]} 52. Ng6 {[%clk 01:16:54]} {[%emt
00:00:32]} Kc3 {[%clk 00:35:22]} {[%emt 00:00:55]} 53. Nf4 {[%clk 01:15:50]}
{[%emt 00:03:31]} h4 {[%clk 00:34:03]} 54. Nd5+ {[%clk 01:15:58]} {[%emt
00:00:21]} Kd4 {[%clk 00:34:17]} {[%emt 00:02:13]} 55. Nxf6 {[%clk 01:15:47]}
h3 {[%clk 00:34:41]} 56. Ng4 {[%clk 01:15:56]} h2 {[%clk 00:34:20]} 57. Nxh2
{[%emt 00:00:06]} Ke5 {[%emt 00:00:08]} 58. Ka2 {[%emt 00:00:07]} Kxf5 {[%emt
00:00:08]} 59. Kxa3 {[%emt 00:00:30]} 1/2-1/2